[Event "Tourn. n8486"]
[Site "www.chess-mail.com"]
[Date "2016.01.31"]
[Round "1"]
[White "Norlavuaram"]
[Black "Wwgia"]
[WhiteElo "2290"]
[BlackElo "2230"]
[Result "1/2-1/2"]
[Round "1"]
1.e4 g6
2.c4 c5
3.Ng1f3 Bf8g7
4.Nb1c3 Nb8c6
5.d3 e6
6.Bf1e2 Ng8e7
7.O-O d5
8.Bc1d2 O-O
9.Ra1c1 b6
10.Nf3e1 Bc8b7
11.f4 dxc4
12.dxc4 Nc6d4
13.Be2f3 Ne7c6
14.Bd2e3 Qd8e7
15.e5 Rf8d8
16.Qd1a4 Rd8d7
17.Nc3e4 Nd4xf3
18.Ne1xf3 Ra8d8
19.Ne4d6 Bb7a8
20.Rc1d1 f6
21.Nd6e4 fxe5
22.fxe5 Nc6xe5
23.Nf3xe5 Rd7xd1
24.Rf1xd1 Rd8xd1
25.Qa4xd1 Ba8xe4
26.Ne5f3 Be4b7
27.b3 Qe7f7
28.Qd1d8 Qf7f8
29.Qd8xf8 Kxf8
30.Nf3g5 Ke7
31.Kf2 h6
32.Ng5f3 Bb7xf3
33.Kxf3 h5
34.Ke4 Bg7c3
35.Be3g5 Kd6
36.h3 e5
37.Bg5e3 Ke6
38.Be3g5 Bc3e1
{ draw }
1/2-1/2

[Event "Tourn. n8541"]
[Site "www.chess-mail.com"]
[Date "2016.01.31"]
[Round "1"]
[White "Guidom"]
[Black "Marbachess"]
[WhiteElo "2090"]
[BlackElo "2200"]
[Result "0-1"]
[Round "1"]
1.e4 e6
2.d4 d5
3.exd5 exd5
4.Bc1f4 Ng8f6
5.Ng1f3 Bf8e7
6.Bf1d3 O-O
7.O-O Bc8g4
8.Nb1d2 c5
9.dxc5 Be7xc5
10.Bf4e5 Nb8c6
11.Be5g3 Rf8e8
12.c3 Nf6h5
13.b4 Nh5xg3
14.hxg3 Bc5b6
15.Nd2b3 Qd8f6
16.Ra1c1 Re8e7
17.Nb3d2 Qf6h6
18.Rf1e1 Nc6e5
19.Bd3e2 Bb6xf2
20.Kxf2 Bg4xf3
21.Nd2xf3 Ne5g4
22.Kg1 Qh6e3
{ resign }
0-1

[Event "Tourn. n8599"]
[Site "www.chess-mail.com"]
[Date "2016.01.31"]
[Round "1"]
[White "Bojan"]
[Black "Maredocla"]
[WhiteElo "2040"]
[BlackElo "2080"]
[Result "0-1"]
[Round "1"]
1.d4 d5
2.Qd1d3 Nb8c6
3.Ng1f3 g6
4.Nb1c3 Bc8f5
5.Qd3b5 Qd8d7
6.Nc3xd5 O-O-O
7.Nd5c3 Nc6xd4
8.Qb5xd7 Rd8xd7
9.Nf3xd4 Rd7xd4
10.e3 Rd4d7
11.e4 Bf5e6
12.Bf1d3 Bf8g7
13.Bc1d2 Ng8f6
14.f3 Rh8d8
15.e5 Nf6d5
16.f4 Nd5b4
17.Nc3b5 Nb4xd3
18.cxd3 Rd7xd3
19.Bd2c3 a6
20.Nb5a3 Be6xa2
21.Ke2 Ba2e6
22.Na3c2 Be6g4
23.Kf2 h5
24.Rh1e1 Bg7h6
25.h3 Bg4f5
26.Nc2d4 Rd8xd4
{ resign }
0-1

[Event "Tourn. n8567"]
[Site "www.chess-mail.com"]
[Date "2016.01.31"]
[Round "1"]
[White "Tonino1"]
[Black "Odin"]
[WhiteElo "2060"]
[BlackElo "1860"]
[Result "0-1"]
[Round "1"]
1.d4 d5
2.Ng1f3 Ng8f6
3.e3 c6
4.Bf1d3 Nb8d7
5.b3 g6
6.Bc1b2 Bf8g7
7.Nb1d2 O-O
8.O-O b5
9.Nf3e5 Bc8b7
10.f4 a6
11.g4 Nf6e8
12.h4 e6
13.Qd1e1 c5
14.Kg2 Nd7xe5
15.fxe5 c4
16.Bd3e2 a5
17.c3 f5
18.g5 Qd8c7
19.h5 Bg7xe5
20.dxe5 Qc7xe5
21.hxg6 Qe5xe3
22.gxh7 Kg7
23.Qe1h4 d4
24.Be2f3 Qe3xd2
25.Rf1f2 Bb7xf3
26.Kxf3 Qd2d3
27.Kg2 Kh8
28.cxd4 c3
29.Bb2c1 Ne8g7
30.g6 c2
31.Bc1e3 Qd3xe3
{ resign }
0-1

[Event "Tourn. n8598"]
[Site "www.chess-mail.com"]
[Date "2016.01.31"]
[Round "1"]
[White "Mrfunk"]
[Black "Cal"]
[WhiteElo "1499"]
[BlackElo "1580"]
[Result "1-0"]
[Round "1"]
1.e4 e5
2.Ng1f3 d6
3.d4 exd4
4.Nf3xd4 h6
5.Nb1c3 Ng8f6
6.Bc1f4 c5
7.Nd4b5 a6
8.Nb5xd6 Bf8xd6
9.Bf4xd6 Nb8c6
10.e5 Nf6d7
11.Nc3d5 c4
12.Nd5c7 Qd8xc7
13.Bd6xc7 O-O
14.f4 Rf8e8
15.Bf1xc4 Nd7c5
16.Qd1d5 Nc5e6
17.Bc7d6 Nc6d4
18.O-O-O Nd4c6
19.f5 Ne6f4
20.Qd5xf7 Kh7
21.f6 Nf4e6
22.Bc4d3 Kh8
23.Qf7xe8 { resign }
1-0

[Event "Tourn. n8526"]
[Site "www.chess-mail.com"]
[Date "2016.01.31"]
[Round "1"]
[White "Dulap"]
[Black "Kevinking"]
[WhiteElo "1900"]
[BlackElo "1859"]
[Result "0-1"]
[Round "1"]
1.e4 e6
2.d4 d5
3.Nb1c3 Ng8f6
4.Bc1g5 Bf8e7
5.e5 Nf6d7
6.Bg5xe7 Qd8xe7
7.f4 a6
8.Ng1f3 c5
9.Bf1d3 cxd4
10.Nf3xd4 Nb8c6
11.Nd4xc6 bxc6
12.O-O Bc8b7
13.Qd1g4 g6
14.h4 h5
15.Qg4g3 c5
16.b3 d4
17.Nc3e4 Bb7xe4
18.Bd3xe4 Ra8b8
19.Be4c6 O-O
20.a4 Rf8c8
21.Bc6xd7 Qe7xd7
22.Qg3d3 Qd7c6
23.Rf1c1 Rc8d8
 { time }
0-1

[Event "Match"]
[Site "www.echecsemail.com"]
[Date "2016.01.31"]
[Round "1"]
[White "Ditto"]
[Black "Cardiff"]
[WhiteElo "1790"]
[BlackElo "1780"]
[Result "0-1"]
[Round "1"]
1.e4 d6
2.Ng1f3 e5
3.Bf1c4 Bf8e7
4.Nb1c3 Ng8f6
5.d4 exd4
6.Nf3xd4 O-O
7.b3 Nb8c6
8.Nd4xc6 bxc6
9.Bc1b2 Bc8e6
10.O-O Be6xc4
11.bxc4 Ra8b8
12.Ra1b1 Qd8d7
13.Rf1e1 Rf8e8
14.Qd1f3 Qd7g4
15.Qf3e3 c5
16.f3 Qg4e6
17.Nc3b5 Qe6xc4
18.Nb5xc7 Re8c8
19.Nc7d5 Nf6xd5
20.exd5 Rb8xb2
21.Rb1xb2 Be7f6
22.Rb2b3 Bf6d4
23.h3 Rc8e8
24.Kh1 Bd4xe3
25.Rb3xe3 Re8xe3
26.Re1xe3 g6
27.Re3e8 Kg7
28.Re8e7 Qc4xa2
29.Kh2 Qa2xd5
30.Re7xa7 Qd5e5
31.Kg1 c4
32.Ra7a4 Qe5e3
33.Kh2 Qe3d2
34.Ra4a2 h5
35.Kg3 g5
36.Kh2 d5
37.Kg3 Qd2f4
38.Kf2 d4
39.Ra2a4 Qf4e3
40.Kg3 d3
41.cxd3 cxd3
42.Ra4a3 Qe3e1
43.Kh2 d2
 { time }
0-1

[Event "Match"]
[Site "www.echecsemail.com"]
[Date "2016.01.31"]
[Round "1"]
[White "Chapi"]
[Black "Shlomo"]
[WhiteElo "2000"]
[BlackElo "1499"]
[Result "1-0"]
[Round "1"]
1.d4 d5
2.c4 e6
3.cxd5 exd5
4.Nb1c3 f5
5.Ng1f3 Nb8c6
6.Bc1f4 Bc8e6
7.e3 a6
8.Bf1d3 h6
9.Nf3e5 Qd8f6
10.Ne5xc6 bxc6
11.Bf4xc7 c5
12.Bc7e5 Qf6d8
13.Qd1h5 g6
14.Qh5xg6 Be6f7
15.Qg6c6 Ke7
16.Be5xh8 Qd8c8
17.Qc6xc8 Ra8xc8
18.Bd3xf5 Bf7e6
19.Bf5xe6 Kxe6
20.O-O h5
21.dxc5 Bf8xc5
22.Rf1d1 Ng8e7
23.Ra1c1 Rc8xh8
24.Rd1d3 h4
25.Rc1d1 Rh8h5
26.g4 Rh5g5
27.h3 a5
28.f4 Rg5xg4
29.hxg4 h3
30.Kh2 { resign }
1-0

[Event "Match"]
[Site "www.echecsemail.com"]
[Date "2016.01.31"]
[Round "1"]
[White "Elogic"]
[Black "Wwgia"]
[WhiteElo "1809"]
[BlackElo "2110"]
[Result "0-1"]
[Round "1"]
1.e4 c5
2.c4 Nb8c6
3.Nb1c3 g6
4.Bf1d3 Bf8g7
5.a3 Ng8f6
6.Ng1f3 d6
7.h3 O-O
8.Qd1e2 a6
9.Bd3c2 Ra8b8
10.Nc3d5 Nf6e8
11.b4 e6
12.Nd5c3 b5
13.cxb5 axb5
14.bxc5 b4
15.axb4 Nc6xb4
16.Bc2d3 dxc5
17.O-O Nb4xd3
18.Ra1a5 Nd3xc1
19.Rf1xc1 Qd8xa5
{ resign }
0-1

[Event "Match"]
[Site "www.echecsemail.com"]
[Date "2016.01.31"]
[Round "1"]
[White "Gilliere"]
[Black "Elogic"]
[WhiteElo "1820"]
[BlackElo "1669"]
[Result "1/2-1/2"]
[Round "1"]
1.d4 Ng8f6
2.c4 c5
3.e3 cxd4
4.exd4 e6
5.a3 d5
6.c5 Bc8d7
7.Ng1f3 g6
8.Nf3e5 Bf8g7
9.Bc1g5 h6
10.Bg5xf6 Bg7xf6
11.Ne5xd7 Nb8xd7
12.Bf1b5 a6
13.Bb5xd7 Qd8xd7
14.Nb1c3 Ra8c8
15.O-O O-O
16.b4 b5
17.Qd1d3 e5
18.dxe5 Bf6xe5
19.Ra1e1 Be5xc3
20.Qd3xc3 g5
21.Re1e2 d4
22.Qc3d3 f5
23.Rf1e1 g4
24.g3 Qd7d5
25.Re2e5 Qd5c4
26.Qd3d1 d3
27.Re5e6 Kg7
28.Re6e7 Kf6
29.Re1e6 Kg5
30.Qd1d2 f4
31.gxf4 Rf8xf4
32.Re7g7 Kf5
33.Re6xh6 Rc8e8
34.Rg7f7 Kg5
35.Rh6h7 Re8e2
36.Rf7g7 Kf6
37.Rg7f7 Ke5
38.Rf7e7 Kf6
{ draw }
1/2-1/2

[Event "Match"]
[Site "www.echecsemail.com"]
[Date "2016.01.31"]
[Round "1"]
[White "Wwgia"]
[Black "Genius7"]
[WhiteElo "2200"]
[BlackElo "1730"]
[Result "1-0"]
[Round "1"]
1.d4 Ng8f6
2.c4 g6
3.Nb1c3 d5
4.Ng1f3 Bf8g7
5.Bc1g5 Nf6e4
6.Qd1c1 Ne4xg5
7.Qc1xg5 dxc4
8.e3 h6
9.Qg5g3 c6
10.Bf1xc4 e6
11.O-O O-O
12.Rf1d1 Qd8e7
13.e4 Nb8d7
14.Qg3c7 Qe7d8
15.Qc7d6 Rf8e8
16.Ra1c1 Bg7f8
17.Qd6g3 Nd7f6
18.e5 Nf6d5
19.Nc3e4 Bf8g7
20.h4 Nd5b6
21.Bc4b3 Nb6d5
22.h5 g5
23.Ne4d6 Re8f8
24.Nf3d2 f5
25.Nd6xc8 Ra8xc8
26.Nd2c4 Qd8e7
27.Nc4d6 Rc8d8
28.Bb3xd5 exd5
29.f4 Rd8d7
30.b4 a6
31.a4 g4
32.b5 axb5
33.axb5 Rd7c7
34.bxc6 bxc6
35.Rc1c5 Qe7d7
36.Rd1c1 Rf8b8
37.Qg3d3 Rb8b6
38.Qd3xf5 Qd7xf5
39.Nd6xf5 Rc7f7
40.Nf5xg7 Kxg7
41.g3 Rf7f5
42.Rc5xc6 { resign }
1-0

[Event "Match"]
[Site "www.echecsemail.com"]
[Date "2016.01.31"]
[Round "1"]
[White "Tomcapp"]
[Black "Osvalazo"]
[WhiteElo "1630"]
[BlackElo "1349"]
[Result "0-1"]
[Round "1"]
1.e4 e5
2.Ng1f3 Nb8c6
3.Bf1b5 Nc6d4
4.Nf3xd4 exd4
5.d3 Ng8f6
6.Bc1g5 Bf8b4
7.c3 dxc3
8.Nb1xc3 Bb4c5
9.Nc3d5 c6
10.Nd5xf6 gxf6
11.d4 Bc5b4
12.Bg5d2 Bb4xd2
13.Qd1xd2 cxb5
14.b4 Rh8g8
15.g3 Qd8e7
16.f3 f5
17.e5 d6
18.f4 b6
19.h3 Bc8b7
20.O-O Rg8xg3
21.Kh2 Rg3g2
22.Qd2xg2 Bb7xg2
23.Kxg2 dxe5
24.dxe5 Qe7xb4
25.a3 Qb4e4
26.Kh2 Ra8c8
27.e6 fxe6
28.a4 Rc8c2
29.Kg1 Qe4g2

0-1

[Event "Match"]
[Site "www.echecsemail.com"]
[Date "2016.01.31"]
[Round "1"]
[White "Billyg"]
[Black "Osvalazo"]
[WhiteElo "1690"]
[BlackElo "1349"]
[Result "0-1"]
[Round "1"]
1.e4 e5
2.Ng1f3 Nb8c6
3.d4 Bf8b4
4.c3 Bb4a5
5.b4 Ba5b6
6.dxe5 Qd8e7
7.Bc1a3 Nc6xe5
8.b5 d6
9.Nf3xe5 Qe7xe5
10.Bf1d3 Qe5f6
11.O-O Ng8e7
12.Qd1d2 Bb6a5
13.Qd2c2 Ba5b6
14.Ba3b2 O-O
15.Nb1a3 d5
16.c4 d4
17.c5 Bb6a5
18.Na3c4 Ba5c3
19.Bb2xc3 dxc3
20.e5 Qf6e6
21.Qc2xc3 b6
22.cxb6 axb6
23.Rf1e1 Bc8b7
24.f3 Ne7d5
25.Qc3d2 Rf8d8
26.Nc4e3 Nd5f4
27.Ra1d1 Nf4xd3
28.Ne3g4 Qe6g6
29.Qd2c3 Nd3xe1
30.Rd1xd8 Ra8xd8
31.Qc3xe1 Qg6c2
32.Ng4e3 Qc2c5
33.h3 Rd8d3
{ resign }
0-1

[Event "1/32 Finale"]
[Site "www.chess-mail.com"]
[Date "2016.01.31"]
[Round "1"]
[White "Elogic"]
[Black "Huw"]
[WhiteElo "2089"]
[BlackElo "2200"]
[Result "0-1"]
[Round "1"]
1.e4 c5
2.c3 d5
3.b4 dxe4
4.bxc5 e5
5.Bf1b5 Bc8d7
6.Bb5a4 Bf8xc5
7.Ba4xd7 Qd8xd7
8.Qd1e2 Ng8f6
9.f3 O-O
10.fxe4 Nb8c6
11.Bc1a3 b6
12.Ba3xc5 bxc5
13.Ng1f3 Ra8b8
14.Nb1a3 Qd7g4
15.Na3b5 Nf6xe4
16.O-O a6
17.Nb5a3 Ne4g5
18.Kf2 Ng5e6
19.Na3c4 Ne6f4
20.Nc4xe5 Qg4xg2
{ resign }
0-1

[Event "Fast Game"]
[Site "www.echecsemail.com"]
[Date "2016.01.31"]
[Round "1"]
[White "Maredocla"]
[Black "Attatroll"]
[WhiteElo "1850"]
[BlackElo "1800"]
[Result "1-0"]
[Round "1"]
1.f4 d5
2.b3 c5
3.Bc1b2 Ng8f6
4.Ng1f3 Nb8c6
5.e3 Bc8g4
6.h3 Bg4f5
7.g4 Bf5e4
8.Bf1g2 e6
9.d3 Be4xf3
10.Bg2xf3 Bf8d6
11.g5 Nf6d7
12.Bb2xg7 Rh8g8
13.Bg7b2 h6
14.h4 hxg5
15.hxg5 Qd8c7
16.Bf3h5 d4
17.Bh5xf7 Kxf7
18.Rh1h7 Kf8
19.Qd1h5 Nc6d8
20.Nb1a3 Qc7a5
21.Ke2 dxe3
22.Na3c4 Qa5b4
23.Kxe3 b5
24.Nc4xd6 { resign }
1-0

[Event "Tourn. n8591"]
[Site "www.chess-mail.com"]
[Date "2016.02.01"]
[Round "1"]
[White "Caspito"]
[Black "Duff"]
[WhiteElo "1700"]
[BlackElo "1830"]
[Result "0-1"]
[Round "1"]
1.e4 e5
2.Ng1f3 Nb8c6
3.Bf1c4 Bf8c5
4.O-O Ng8f6
5.Nf3g5 O-O
6.c3 d6
7.b4 Bc5b6
8.a4 a6
9.Qd1b3 Qd8e7
10.Nb1a3 h6
11.a5 Bb6a7
12.Ng5xf7 Rf8xf7
13.d3 Nc6d8
14.Bc4xf7 Qe7xf7
15.Qb3b2 Nd8e6
16.Na3c4 Bc8d7
17.Nc4e3 Ba7xe3
18.Bc1xe3 Bd7c6
19.Qb2e2 Ra8f8
20.Qe2f3 d5
21.Qf3g3 Kh8
22.Qg3xe5 dxe4
23.d4 Nf6g4
24.Qe5g3 Ng4f6
25.c4 Bc6d7
26.d5 Nf6h5
27.Qg3h4 Ne6f4
28.Be3xf4 Nh5xf4
29.Ra1a2 Qf7f5
30.Qh4e7 Nf4d3
31.c5 Bd7b5
32.Qe7xc7 Nd3xb4
33.Ra2a1 Nb4xd5
34.Qc7xb7 Bb5xf1
35.Ra1xf1 Nd5e3
36.Qb7b1 Ne3xf1
37.Qb1xf1 Qf5xc5
{ resign }
0-1

[Event "Tourn. n8417"]
[Site "www.chess-mail.com"]
[Date "2016.02.01"]
[Round "1"]
[White "Kevinking"]
[Black "Passaroa25"]
[WhiteElo "1530"]
[BlackElo "1640"]
[Result "1-0"]
[Round "1"]
1.e4 d6
2.d4 Nb8d7
3.Ng1f3 f6
4.Bf1c4 Nd7b6
5.Bc4b3 e6
6.O-O Bc8d7
7.Nb1c3 c6
8.Bc1f4 Qd8c7
9.Qd1d2 Ng8e7
10.Rf1e1 Ne7g6
11.Bf4g3 Bf8e7
12.Ra1d1 O-O
13.h3 Qc7c8
14.Kh2 Qc8b8
15.e5 dxe5
16.dxe5 Qb8d8
17.exf6 gxf6
18.Nf3d4 Kh8
19.Bb3xe6 Nb6c4
20.Be6xc4 Ng6e5
21.Bc4e6 Ne5c4
22.Be6xc4 Rf8e8
23.Nd4e6 Bd7xe6
24.Bc4xe6 Qd8xd2
25.Rd1xd2 Ra8d8
26.Rd2xd8 Be7xd8
27.f3 Kg7
28.Be6c8 Re8xe1
29.Bg3xe1 Bd8c7
30.Be1g3 Bc7xg3
31.Kxg3 b6
32.Bc8b7 c5
33.Bb7a6 h5
34.Kh4 Kg6
35.Nc3e2 Kh6
36.Ne2f4 f5
37.Nf4xh5 Kg6
38.Nh5g3 f4
39.Ng3e2 Kf5
40.Ba6d3 Ke5
41.Kg4 Kd6
42.Kxf4 a5
43.Bd3b5 Kc7
44.Kf5 Kd6
45.Kf6 Kd5
46.g4 c4
47.g5 Kc5
48.Bb5e8 b5
49.g6 b4
50.g7 b3
51.axb3 { resign }
1-0

[Event "Tourn. n8542"]
[Site "www.chess-mail.com"]
[Date "2016.02.01"]
[Round "1"]
[White "Gimmyg"]
[Black "Numanoid"]
[WhiteElo "2440"]
[BlackElo "2480"]
[Result "1-0"]
[Round "1"]
1.e4 d6
2.d4 Ng8f6
3.Nb1c3 g6
4.Ng1f3 Bf8g7
5.Bf1e2 O-O
6.O-O Bc8g4
7.h3 Bg4xf3
8.Be2xf3 Nb8c6
9.Nc3e2 e5
10.c3 Rf8e8
11.d5 Nc6e7
12.c4 Nf6d7
13.Ne2c3 f5
14.Bc1g5 h6
15.Bg5e3 f4
16.Be3d2 Nd7f6
17.b4 g5
18.Qd1b3 Qd8d7
19.c5 Kh7
20.Ra1c1 h5
21.Bf3e2 g4
22.hxg4 hxg4
23.cxd6 Ne7g6
24.Be2b5 c6
25.dxc6 bxc6
26.Nc3d5 Nf6xe4
27.Bb5xc6 Qd7xd6
28.Qb3c2 Ne4g5
29.Qc2f5 Ra8c8
30.b5 Ng5e6
31.Qf5h5 { resign }
1-0

[Event "Tourn. n8572"]
[Site "www.chess-mail.com"]
[Date "2016.02.01"]
[Round "1"]
[White "Bojan"]
[Black "Julian"]
[WhiteElo "2060"]
[BlackElo "1990"]
[Result "0-1"]
[Round "1"]
1.d4 Ng8f6
2.c4 e5
3.dxe5 Nf6g4
4.Bc1f4 d6
5.exd6 Bf8xd6
6.Bf4xd6 cxd6
7.e3 Nb8c6
8.Bf1e2 Ng4e5
9.b3 O-O
10.Ng1f3 Bc8f5
11.Nb1c3 Ne5xf3
12.Be2xf3 Qd8f6
13.Nc3d5 Qf6d8
14.Bf3g4 Qd8g5
15.Bg4xf5 Qg5xf5
16.b4 Qf5g5
17.Qd1f3 Nc6e5
18.Qf3h3 Ne5xc4
19.O-O Qg5xd5
20.Rf1d1 Qd5e6
21.Qh3h4 b5
22.Rd1d4 a5
23.bxa5 Ra8xa5
24.Qh4g5 b4
25.Qg5f4 Nc4a3
26.Ra1c1 Qe6xa2
27.Rd4xb4 Ra5c5
28.Rc1d1 Na3b5
29.Rb4a4 Qa2e2
30.Ra4a1 Nb5c3
31.Rd1xd6 Qe2b2
32.Ra1e1 Nc3e2
{ resign }
0-1

[Event "Tourn. n8566"]
[Site "www.chess-mail.com"]
[Date "2016.02.01"]
[Round "1"]
[White "Osopanda"]
[Black "Francesco"]
[WhiteElo "1940"]
[BlackElo "1990"]
[Result "0-1"]
[Round "1"]
1.d4 d5
2.c4 c6
3.cxd5 cxd5
4.Nb1c3 Bc8f5
5.Ng1f3 e6
6.Bc1g5 Bf8e7
7.Bg5xe7 Ng8xe7
8.e3 O-O
9.Bf1d3 Nb8c6
10.O-O a6
11.Ra1c1 Ra8c8
12.a3 b5
13.e4 Bf5g4
14.exd5 Ne7xd5
15.Nc3xd5 Qd8xd5
16.Rc1c5 Bg4xf3
17.Bd3xh7 Kxh7
18.Qd1xf3 Qd5xf3
19.gxf3 Nc6xd4
20.Rc5xc8 Rf8xc8
21.Kg2 Rc8c2
22.b4 Rc2c3
23.Rf1d1 e5
24.f4 f6
25.fxe5 fxe5
26.f4 Nd4c6
27.f5 Kh6
28.Rd1d6 Kg5
29.h4 Kxf5
30.h5 Kg5
31.h6 gxh6
{ resign }
0-1

[Event "Tourn. n8515"]
[Site "www.chess-mail.com"]
[Date "2016.02.01"]
[Round "1"]
[White "Orhany24"]
[Black "Norlavuaram"]
[WhiteElo "2010"]
[BlackElo "2180"]
[Result "1/2-1/2"]
[Round "1"]
1.e4 e5
2.Ng1f3 Nb8c6
3.Bf1c4 Bf8e7
4.d4 d6
5.O-O Ng8f6
6.dxe5 dxe5
7.Nb1c3 Bc8g4
8.Bc4e2 O-O
9.Bc1g5 h6
10.Bg5h4 Qd8xd1
11.Ra1xd1 Ra8d8
12.h3 Bg4e6
13.a3 a6
14.Bh4g3 Be7d6
15.Nf3d2 Nc6d4
16.Rf1e1 Nd4xe2
17.Re1xe2 Nf6d7
18.Nd2b1 Be6c4
19.Re2d2 Nd7f6
20.b3 Bc4e6
21.f3 Nf6d7
22.Nc3d5 Be6xd5
23.Rd2xd5 Nd7f6
24.Rd5d3 Nf6d7
25.b4 b5
26.Nb1d2 Nd7b6
27.Nd2b3 f6
28.Bg3f2 Nb6c4
29.Rd1a1 Bd6e7
30.Ra1d1 Rd8xd3
31.Rd1xd3 Rf8d8
32.Rd3xd8 Be7xd8
33.Nb3c5 Nc4xa3
34.Nc5e6 Bd8e7
35.c3 Na3b1
36.Bf2e1 c6
37.Ne6c7 c5
38.Nc7xa6 cxb4
39.cxb4 Nb1a3
40.Na6c7 Na3c2
41.Be1c3 Nc2xb4
{ draw }
1/2-1/2

[Event "Tourn. n8544"]
[Site "www.chess-mail.com"]
[Date "2016.02.01"]
[Round "1"]
[White "Knightjumper"]
[Black "Karpawn"]
[WhiteElo "1690"]
[BlackElo "1659"]
[Result "1-0"]
[Round "1"]
1.d4 f5
2.Ng1f3 Ng8f6
3.Bc1g5 e6
4.e3 h6
5.Bg5xf6 Qd8xf6
6.Nb1c3 Bf8e7
7.Bf1d3 O-O
8.Qd1d2 a6
9.O-O d5
10.Nf3e5 Nb8d7
11.f4 c5
12.Ne5xd7 Bc8xd7
13.Bd3e2 Ra8c8
14.Ra1d1 Be7d6
15.Be2f3 g5
16.g3 cxd4
17.Qd2xd4 Bd6c5
18.Qd4d3 g4
19.Bf3g2 Bc5b4
20.h3 Bb4xc3
21.bxc3  { time }
1-0

[Event "Tourn. n8418"]
[Site "www.chess-mail.com"]
[Date "2016.02.01"]
[Round "1"]
[White "Cardiff"]
[Black "Julian"]
[WhiteElo "1780"]
[BlackElo "1770"]
[Result "1-0"]
[Round "1"]
1.c4 Ng8f6
2.Nb1c3 e5
3.Ng1f3 d6
4.d3 Bc8e6
5.g3 c6
6.Bf1g2 Bf8e7
7.Nf3g5 O-O
8.Ng5xe6 fxe6
9.O-O Nb8d7
10.a3 d5
11.b4 e4
12.dxe4 dxe4
13.Nc3xe4 Nf6xe4
14.Bg2xe4 Qd8c7
15.Bc1b2 Ra8d8
16.Qd1c2 Be7f6
17.Be4xh7 Kh8
18.Bh7e4 Bf6xb2
19.Qc2xb2 Qc7e5
20.Qb2xe5 Nd7xe5
21.Ra1c1 Rd8d2
22.Be4d3 Ne5xd3
23.exd3 Rd2xd3
24.Rc1a1 Rf8f3
25.a4 Rd3b3
26.b5 cxb5
27.axb5 Rf3c3
28.Ra1xa7 Rc3xc4
29.Ra7xb7 Rc4b4
30.Rf1e1 Rb4xb5
31.Rb7xb5 Rb3xb5
32.Re1xe6 Kh7
33.Kg2 g6
34.g4 Kg7
35.Kg3 Rb5a5
36.h4 Ra5a3
37.f3 Kf7
38.Re6b6 Kg7
39.g5 Kf7
40.Rb6b7 Kf8
41.Kg4 Ra3c3
42.f4 Rc3c4
43.Rb7b6 Kf7
44.Rb6f6 Kg7
45.h5 gxh5
46.Kxh5 Rc4c1
47.Rf6a6 Rc1h1
48.Kg4 Rh1g1
49.Kf5 Rg1b1
50.Ra6a7 Kf8
51.g6 Rb1b5
52.Kf6 Rb5b6
53.Kg5 Rb6b1
54.f5 Rb1b5
55.g7 Kg8
56.Kg6 Rb5b6
57.f6 { resign }
1-0

[Event "Tourn. n8599"]
[Site "www.chess-mail.com"]
[Date "2016.02.01"]
[Round "1"]
[White "Bojan"]
[Black "Pimax"]
[WhiteElo "2040"]
[BlackElo "2270"]
[Result "0-1"]
[Round "1"]
1.e4 e5
2.Ng1f3 Nb8c6
3.Bf1b5 a6
4.Bb5a4 d6
5.a3 Bc8d7
6.Nb1c3 Ng8f6
7.d3 Bf8e7
8.Bc1e3 O-O
9.h3 b5
10.Ba4b3 Nc6a5
11.Bb3a2 h6
12.Qd1d2 Ra8b8
13.Nc3d5 Nf6xd5
14.Ba2xd5 c6
15.Bd5a2 Na5b7
16.Nf3h2 Nb7c5
17.Nh2g4 h5
18.Ng4h2 Nc5e6
19.Nh2f3 c5
20.Ba2d5 Ne6c7
21.Bd5a2 Nc7e6
22.Ke2 Rb8c8
23.Qd2e1 Ne6g5
24.Nf3xg5 Be7xg5
25.Ba2d5 Bg5xe3
26.fxe3 c4
27.Bd5b7 cxd3
28.cxd3 Rc8c7
29.Bb7d5 Rc7c2
30.Kd1 Rc2xg2
31.b3 Qd8c8
32.Ra1c1 Bd7g4
{ resign }
0-1

[Event "Tourn. n8530"]
[Site "www.chess-mail.com"]
[Date "2016.02.01"]
[Round "1"]
[White "Francesco"]
[Black "Awfen"]
[WhiteElo "1960"]
[BlackElo "2060"]
[Result "0-1"]
[Round "1"]
1.e4 Nb8c6
2.d4 e5
3.d5 Nc6e7
4.Ng1f3 Ne7g6
5.Bf1b5 a6
6.Bb5a4 Ng8f6
7.Nb1c3 Bf8b4
8.Qd1e2 b5
9.Ba4b3 d6
10.Bc1d2 Bc8g4
11.O-O O-O
12.a3 Bb4xc3
13.Bd2xc3 Ng6f4
14.Qe2e3 Nf6h5
15.h3 Bg4d7
16.Bc3d2 Nf4xh3
17.gxh3 Nh5f4
18.h4 Qd8f6
19.Kh2 Qf6g6
20.Rf1g1 Qg6h5
21.Rg1g5 Qh5h6
22.Ra1g1 g6
23.Bd2a5 Ra8c8
24.Qe3a7 Nf4h3
25.Ba5xc7 f6
26.Rg5g2 Qh6f4
27.Rg2g3 Nh3xg1
28.Kxg1 Bd7g4
29.Kg2 Rf8f7
30.Qa7xa6 Rc8xc7
31.Qa6xb5 Qf4xe4
32.Qb5e8 Kg7
33.Qe8b5 f5
34.Qb5b6 h5
35.Qb6xd6 f4
36.Qd6xe5 Qe4xe5
37.Nf3xe5 fxg3
38.Ne5xf7 Rc7xf7
39.fxg3 Bg4f3
40.Kh3 Rf7d7
41.c4 Kf6
42.Bb3c2 Rd7d6
43.b4 Ke5
44.b5 Kd4
45.Bc2b3 Kc3
46.c5 Rd6d8
47.Bb3a2 Bf3xd5
48.Ba2xd5 Rd8xd5
{ resign }
0-1

[Event "Tourn. n8491"]
[Site "www.chess-mail.com"]
[Date "2016.02.01"]
[Round "1"]
[White "Norlavuaram"]
[Black "Stepanpech"]
[WhiteElo "2300"]
[BlackElo "2170"]
[Result "1-0"]
[Round "1"]
1.e4 c6
2.d4 d5
3.Nb1d2 dxe4
4.Nd2xe4 Bc8f5
5.Ne4g3 Bf5g6
6.Ng1f3 Nb8d7
7.h4 h6
8.h5 Bg6h7
9.Bf1d3 Bh7xd3
10.Qd1xd3 e6
11.Bc1d2 Ng8f6
12.O-O-O Bf8e7
13.Bd2c3 Qd8c7
14.b3 a5
15.Bc3b2 a4
16.Kb1 axb3
17.cxb3 Qc7a5
18.a3 Be7xa3
19.Qd3c3 Ba3b4
20.Qc3d3 Qa5a2
21.Kc1 O-O
22.Nf3e5 Rf8c8
23.Ne5xd7 c5
{ time. }
1-0

[Event "Match"]
[Site "www.echecsemail.com"]
[Date "2016.02.01"]
[Round "1"]
[White "Duff"]
[Black "Paco"]
[WhiteElo "1740"]
[BlackElo "1970"]
[Result "1-0"]
[Round "1"]
1.e4 e5
2.Ng1f3 Nb8c6
3.Nb1c3 Ng8f6
4.Bf1c4 d6
5.O-O Bc8g4
6.h3 Bg4e6
7.Bc4b3 Nc6d4
8.Nf3xd4 exd4
9.Bb3xe6 dxc3
10.Be6b3 cxb2
11.Bc1xb2 Qd8d7
12.d4 O-O-O
13.Rf1e1 d5
14.exd5 Nf6xd5
15.Qd1f3 c6
16.c4 Nd5f6
17.Bb3c2 Qd7c7
18.Bc2f5 Kb8
19.d5 Bf8d6
20.Ra1c1 Qc7b6
21.Bb2xf6 gxf6
22.Rc1b1 Rd8e8
23.Re1d1 Qb6c5
24.dxc6 b6
25.a4 Qc5xc4
26.Rd1xd6 Kc7
27.Rd6d7 Kb8
28.c7 { resign }
1-0

[Event "Match"]
[Site "www.echecsemail.com"]
[Date "2016.02.01"]
[Round "1"]
[White "Trucker44"]
[Black "Whitekknight"]
[WhiteElo "1659"]
[BlackElo "1880"]
[Result "0-1"]
[Round "1"]
1.e4 e5
2.Bf1c4 Ng8f6
3.d3 h6
4.h4 c6
5.f3 d6
6.Nb1c3 Nb8d7
7.Ng1e2 Nd7b6
8.b4 Nb6xc4
9.dxc4 Bf8e7
10.Ne2g3 { time. }
0-1

[Event "Match"]
[Site "www.echecsemail.com"]
[Date "2016.02.01"]
[Round "1"]
[White "Woody"]
[Black "Gatrooper"]
[WhiteElo "1499"]
[BlackElo "1690"]
[Result "1-0"]
[Round "1"]
1.d4 d5
2.c4 dxc4
3.Ng1f3 e6
4.e3 b5
5.a4 b4
6.Bf1xc4 Ng8f6
7.O-O Nb8c6
8.Bc4b5 Bc8d7
9.Nb1d2 a6
10.Bb5e2 h6
11.Qd1c2 Bf8d6
12.Nd2b3 a5
13.e4 Bd6e7
14.d5 exd5
15.exd5 Nf6xd5
16.Rf1d1 g6
17.Rd1xd5 O-O
18.Bc1xh6 Rf8e8
19.Ra1d1 Be7d6
20.Be2b5 Nc6e7
21.Rd5xd6 cxd6
22.Rd1xd6 Ra8a7
23.Bb5c4 Bd7e6
24.Rd6xd8 Re8xd8
25.Bc4xe6 fxe6
26.Nf3e5 Ra7c7
27.Qc2e2 Ne7f5
28.Ne5g4 Nf5d4
29.Qe2d3 Rc7d7
30.Qd3xg6 Kh8
31.Nb3xd4 Rd8g8
32.Qg6xe6 Rd7c7
33.Qe6e5 Rg8g7
34.Bh6xg7 Rc7xg7
35.Nd4e6 Kg8
36.Qe5xg7 { resign }
1-0

[Event "1/128 Finale"]
[Site "www.chess-mail.com"]
[Date "2016.02.01"]
[Round "1"]
[White "Norlavuaram"]
[Black "Bluetealeaf"]
[WhiteElo "2210"]
[BlackElo "1790"]
[Result "1-0"]
[Round "1"]
1.e4 e5
2.Ng1f3 Nb8c6
3.Bf1b5 a6
4.Bb5a4 Qd8f6
5.Nb1c3 Ng8e7
6.O-O h5
7.d3 d6
8.Bc1g5 Qf6g6
9.a3 b5
10.Ba4b3 h4
11.Nc3d5 Ne7xd5
12.Bb3xd5 Bc8b7
13.Bg5xh4 Ra8b8
14.Bh4g3 Nc6e7
15.Bd5b3 Ne7c6
16.c3 a5
17.Bb3c2 a4
18.d4 f6
19.dxe5 fxe5
20.Qd1d2 Bf8e7
21.Rf1e1 Kd7
22.Bg3xe5 Rb8f8
23.Be5g3 Rh8h5
24.e5 Qg6f7
25.e6 Qf7xe6
26.Re1xe6 Kxe6
27.Ra1e1 Kd7
28.Nf3d4 Rf8f6
29.Nd4xb5 d5
30.Nb5xc7 Be7d6
31.Bg3xd6 Rf6xd6
32.Nc7b5 Rd6h6
33.h3 Rh6f6
34.Nb5d4 Nc6e7
35.Bc2xa4 Kc8
36.Re1xe7 g5
37.Nd4e6 g4
38.hxg4 Rh5h4
39.Re7e8 { resign }
1-0

[Event "1/32 Finale"]
[Site "www.chess-mail.com"]
[Date "2016.02.01"]
[Round "1"]
[White "Karpawn"]
[Black "Naujzaid"]
[WhiteElo "2079"]
[BlackElo "2060"]
[Result "0-1"]
[Round "1"]
1.e4 c5
2.f4 d6
3.Ng1f3 e6
4.Bf1b5 Bc8d7
5.Bb5xd7 Qd8xd7
6.Nb1c3 Nb8c6
7.d4 cxd4
8.Nf3xd4 a6
9.Bc1e3 Ng8f6
10.Qd1f3 Bf8e7
11.O-O-O O-O
12.e5 dxe5
 { time }
0-1

[Event "Eq:La Taverne-Good team : "]
[Site "www.chess-mail.com"]
[Date "2016.02.01"]
[Round "1"]
[White "Gilliere"]
[Black "Jaroslavpech"]
[WhiteElo "1860"]
[BlackElo "2020"]
[Result "1-0"]
[Round "1"]
1.e4 e5
2.Ng1f3 Nb8c6
3.Bf1b5 Bf8c5
4.Bb5xc6 dxc6
5.h3 Ng8e7
6.d3 f6
7.O-O Bc8e6
8.Nb1c3 O-O
9.a3 Qd8d7
10.b4 Bc5d6
11.Bc1b2 a5
12.bxa5 Ra8xa5
13.Qd1d2 b6
14.Qd2c1 Ne7g6
15.Nc3e2 Ng6f4
16.Ne2xf4 exf4
{ time. }
1-0